<?xml version="1.0" encoding="UTF-8"?>
<record
    xmlns:xsi="http://www.w3.org/2001/XMLSchema-instance"
    xsi:schemaLocation="http://www.loc.gov/MARC21/slim http://www.loc.gov/standards/marcxml/schema/MARC21slim.xsd"
    xmlns="http://www.loc.gov/MARC21/slim">

  <leader>00862cam a22002411  4500</leader>
  <controlfield tag="001">ne 64000120 </controlfield>
  <controlfield tag="003">DLC</controlfield>
  <controlfield tag="005">20260227111754.0</controlfield>
  <controlfield tag="008">870710s1962    le            000 0 arar </controlfield>
  <datafield tag="010" ind1=" " ind2=" ">
    <subfield code="a">ne 64000120 </subfield>
  </datafield>
  <datafield tag="035" ind1=" " ind2=" ">
    <subfield code="a">(OCoLC)16159150</subfield>
  </datafield>
  <datafield tag="040" ind1=" " ind2=" ">
    <subfield code="a">DLC</subfield>
    <subfield code="c">WaU</subfield>
    <subfield code="d">OCoLC</subfield>
    <subfield code="d">DLC</subfield>
  </datafield>
  <datafield tag="041" ind1="1" ind2=" ">
    <subfield code="a">ara</subfield>
    <subfield code="h">tur</subfield>
  </datafield>
  <datafield tag="042" ind1=" " ind2=" ">
    <subfield code="a">premarc</subfield>
  </datafield>
  <datafield tag="043" ind1=" " ind2=" ">
    <subfield code="a">f-al---</subfield>
  </datafield>
  <datafield tag="050" ind1="0" ind2="0">
    <subfield code="a">DT291</subfield>
    <subfield code="b">.J312</subfield>
  </datafield>
  <datafield tag="100" ind1="1" ind2=" ">
    <subfield code="a">Jaz&#x101;&#x2BC;ir&#x12B;, A&#x1E25;mad,</subfield>
    <subfield code="d">-1838.</subfield>
  </datafield>
  <datafield tag="245" ind1="1" ind2="0">
    <subfield code="a">Kayfa dakhala al-Farans&#x12B;y&#x16B;n al-Jaz&#x101;&#x2BC;ir, wa&#x1E63;f sh&#x101;hid &#x2BB;iy&#x101;n.</subfield>
    <subfield code="c">Wa&#x1E0D;a&#x2BB;ahu A&#x1E25;mad al-Jaz&#x101;&#x2BC;ir&#x12B;. Nasharahu wa qaddama lahu &#x1E62;ala&#x1E25; al-D&#x12B;n al-Mun&#x101;jjid.</subfield>
  </datafield>
  <datafield tag="260" ind1=" " ind2=" ">
    <subfield code="a">[Bayr&#x16B;t]</subfield>
    <subfield code="b">D&#x101;r al-Kit&#x101;b al-Jad&#x12B;d</subfield>
    <subfield code="c">[1962]</subfield>
  </datafield>
  <datafield tag="300" ind1=" " ind2=" ">
    <subfield code="a">66 p.</subfield>
    <subfield code="c">21 cm.</subfield>
  </datafield>
  <datafield tag="500" ind1=" " ind2=" ">
    <subfield code="a">Translated from the Turkish original by Mu&#x1E25;ammad &#x1E24;al&#x12B;m Afand&#x12B;, with an appendix by Rif&#x101;&#x2BC;ah R&#x101;fi&#x2BB;.</subfield>
  </datafield>
  <datafield tag="651" ind1=" " ind2="0">
    <subfield code="a">Algeria</subfield>
    <subfield code="x">History</subfield>
    <subfield code="y">1516-1830.</subfield>
  </datafield>
  <datafield tag="999" ind1=" " ind2=" ">
    <subfield code="c">46612</subfield>
    <subfield code="d">46612</subfield>
  </datafield>
</record>
